Представление документа в формате RUSMARC

ПолеНазваниеЗначение
  Тип записи a
  Библиографический уровень m
001 Контрольный номер RU\NLR\BIBL_A\010517041
005 Дата корректировки 20201206205004.1
010 Индекс ISBN __
a ISBN 978-5-235-03737-3 (в пер.)
d Цена 407-28
100 Данные общей обработки __
a Данные общей обработки 19160225d2014||||||| 0rusy0189 ca
101 Язык документа 0_
a Язык текста rus
102 Страна публикации __
a Страна публикации RU|
105 Кодированные данные (монография) __
a Кодированные данные (монография) ach|||||001zy
200 Заглавие и сведения об ответственности 1_
a Заглавие Генри Морган
e Сведения, относящиеся к заглавию [16+]
f Первые сведения об ответственности Виктор Губарев ; [редактор: Е. В. Смирнова]
b Общее обозначение материала Текст
210 Выходные данные __
a Место издания Москва
c Издательство Молодая гвардия
d Дата издания 2014
215 Физическое описание __
a Объем 291, [2] с.
c Иллюстрации/тип воспроизводства [16] л. ил., портр., факс.
d Формат 21 см
225 Серия __
a Серия Жизнь замечательных людей: Серия биографий
v Обозначение тома вып. 1697 (1497)
300 Общие примечания __
a Общие примечания 3000 экз.
320 Библиография __
a Библиография Библиогр.: с. 288-292
330 Аннотация __
a Аннотация Книга представляет собой новейшее исследование жизни и деятельности "короля" пиратов Карибского моря, одного из прототипов капитана Блада, героя многочисленных приключенческих романов и кинофильмов. Генри Морган родился в семье валлийского фермера, но по воле судьбы очутился на далеких островах Вест-Индии и прошел нелегкий путь от рядового участника пиратских набегов до адмирала корсарской флотилии, судьи адмиралтейского суда и губернатора Ямайки, за многочисленные ратные "подвиги" был возведен в рыцари и похоронен в Порт-Ройяле с адмиральскими почестями. Много позже семья американских миллионеров Морган вписала его имя в свою родословную, а одна из фирм по производству рома сделала "Капитана Моргана" всемирно известным брендом.
333 Примечание о целевом назначении __
a Примечание о целевом назначении 16+. Для детей старше 16 лет
600 Персоналии __
a Персоналии (Фамилия) Морган, Г.
c Дополнение к имени пират
c Дополнение к имени мореплаватель
c Дополнение к имени вице-губернатор
f Даты ок.1635-1688
g Полное имя Генри
606 Тематические рубрики __
a Основная рубрика История
606 Тематические рубрики __
a Основная рубрика Европа в XVI в. - 1918 г.
y Географическая подрубрика Англия
y Географическая подрубрика Великобритания
y Географическая подрубрика Ямайка
610 Ключевые слова __
a Ключевые слова биографии
a Ключевые слова биографические данные
a Ключевые слова биографические материалы
a Ключевые слова биографические сведения
a Ключевые слова вице-губернаторы
a Ключевые слова колониальная политика
a Ключевые слова мореплаватели
a Ключевые слова персоналии
a Ключевые слова пираты
a Ключевые слова плантаторы
686 Индексы других классификаций __
2 Код системы rubbks
a Классификационный индекс 63.3(4Вел)512-8; ст63.3(4Вел)-8
700 Автор _1
a Фамилия Губарев
b Имя В. К.
g Полное личное имя Виктор Кимович
4 Код отношения 070
702 Вторичная интеллектуальная ответственность _1
a Фамилия Смирнова
b Имя Е. В.
4 Код отношения Редактор
4 Код отношения 340
801 Источник записи _0
a Страна RU
b Организация Муниципальное бюджетное учреждение культуры "Централизованная библиотечная система" г. Сургут (Центральная городская библиотека им. А. С. Пушкина)
c Дата составления 20160225
g Правила каталогизации КиК/Апакова
801 Источник записи _1
a Страна RU
b Организация Муниципальное бюджетное учреждение культуры "Централизованная библиотечная система" г. Сургут (Центральная городская библиотека им. А. С. Пушкина)
c Дата составления 20160225
g Правила каталогизации КиК/Апакова
852 Данные о местонахождении __
j Шифр хранения 63.3(4Вел)512-8
i Авторский знак Г 93
901 Тип документа __
t Тип документа m
903 Характеристики (МАРС) __
a Дата передачи 20160225
990 Данные о заказе (DOS) __
j Количество экземпляров (DOS) 5
t N записи в КСУ для И/У (DOS) 201603